|
|
|
|
| LEADER |
00869aam a22002418a 4500 |
| 001 |
00028587 |
| 005 |
20171026081025.0 |
| 008 |
120329s2006 ||||||viesd |
| 020 |
|
|
|c 12000
|
| 041 |
0 |
# |
|a vie
|
| 082 |
1 |
4 |
|a 361.3
|b C455T
|
| 100 |
1 |
# |
|a Lê, Chí An
|
| 245 |
1 |
0 |
|a Công tác xã hội cá nhân
|c Lê Chí An
|
| 260 |
# |
# |
|a Tp. Hồ Chí Minh
|b Trường Đại học mở bán công Tp. Hồ Chí Minh
|c 2006
|
| 300 |
# |
# |
|a 176tr.
|c 21cm.
|
| 500 |
# |
# |
|a ĐTTS ghi: Đại học mở bán công Tp. Hồ Chí Minh. Khoa xã hội học
|
| 650 |
# |
4 |
|a Công tác xã hội
|x Giáo trình
|
| 653 |
# |
# |
|a Cá nhân
|
| 653 |
# |
# |
|a Xã hội học
|
| 852 |
# |
# |
|b Kho đọc
|j KD.0012767
|
| 852 |
# |
# |
|j KD.0012767
|
| 910 |
|
|
|d 29/03/2012
|
| 980 |
# |
# |
|a Trung tâm Học liệu Lê Vũ Hùng, Trường Đại học Đồng Tháp
|